Ohio School Districts - Statistics

General Stats
  • This quiz has been taken 30 times
  • The average score is 19 of 617
Answer Stats
School District % Correct
Akron
57%
Toledo
48%
Dayton
43%
Cincinnati
38%
Canton City
29%
Columbus City Schools
29%
Delaware City
24%
Mansfield City
24%
Springfield City
24%
Westerville City
24%
Zanesville City
24%
Athens City
19%
Centerville City
19%
London City
19%
Medina City
19%
Newark City
19%
Upper Arlington City
19%
Warren City
19%
Youngstown City
19%
Ashland City
14%
Aurora City
14%
Avon Lake City
14%
Big Walnut Local
14%
Cuyahoga Falls City
14%
Dublin City Schools
14%
Franklin City
14%
Heath City
14%
Jackson City
14%
Lakewood City
14%
Marietta City
14%
Marion City
14%
Massillon City
14%
Sandusky City
14%
Solon City
14%
Springboro Community City
14%
Strongsville City
14%
Washington Court House City
14%
Alliance City
10%
Avon Local
10%
Barberton City
10%
Beavercreek City
10%
Bellefontaine City
10%
Berne Union Local
10%
Bexley City
10%
Bowling Green City
10%
Brunswick City
10%
Buckeye Valley Local
10%
Cambridge City
10%
Canal Winchester Local
10%
Chillicothe City
10%
Circleville City
10%
East Cleveland City
10%
Elyria City
10%
Euclid City
10%
Findlay City
10%
Green Local
10%
Hamilton Local
10%
Hilliard City Schools
10%
Hudson City
10%
Jackson Local
10%
Kent City
10%
Lake Local
10%
Lancaster City
10%
Lebanon City
10%
Lima City
10%
Lorain City
10%
Loveland City
10%
Marlington Local
10%
Mason City
10%
Mount Vernon City
10%
New Philadelphia City
10%
Norwalk City
10%
Olentangy Local
10%
Orange City
10%
Parma City
10%
Pickerington Local
10%
Plain Local
10%
Portsmouth City
10%
Reynoldsburg City
10%
Shaker Heights City
10%
Sidney City
10%
South-Western City Schools
10%
Steubenville City
10%
Tallmadge City
10%
Troy City
10%
Twinsburg City
10%
Urbana City
10%
Whitehall City
10%
Wooster City
10%
Adams County/Ohio Valley
5%
Amanda-Clearcreek Local
5%
Anna Local
5%
Ansonia Local
5%
Austintown Local
5%
Beachwood City
5%
Beaver Local
5%
Bedford City
5%
Benjamin Logan Local
5%
Berea City
5%
Berkshire Local
5%
Bloom-Carroll Local
5%
Boardman Local
5%
Botkins Local
5%
Brookville Local
5%
Buckeye Central Local
5%
Canfield Local
5%
Canton Local
5%
Cardinal Local
5%
Clay Local
5%
Cloverleaf Local
5%
Coshocton City
5%
Covington Exempted Village
5%
Crestwood Local
5%
Cuyahoga Heights
5%
Dalton Local
5%
Defiance City
5%
Dover City
5%
East Liverpool City
5%
Fairbanks Local
5%
Fairborn City
5%
Fairfield City
5%
Fairless Local
5%
Fairview Park City
5%
Field Local
5%
Forest Hills
5%
Fort Loramie Local
5%
Fort Recovery Local
5%
Fostoria City
5%
Fremont City
5%
Graham Local
5%
Grandview Heights City
5%
Greenville City
5%
Groveport-Madison Local
5%
Indian Lake Local
5%
Ironton City
5%
James A. Garfield Local
5%
Johnstown-Monroe Local
5%
Kenston Local
5%
Kenton City
5%
Kettering City
5%
Kings Local
5%
Leetonia Exempted Village
5%
Lexington Local
5%
Licking Heights Local
5%
Licking Valley Local
5%
Louisville City
5%
Manchester Local
5%
Marion Local
5%
Marysville Exempted Village
5%
Meigs Local
5%
Miami East Local
5%
Middletown City
5%
Minerva Local
5%
Minster Local
5%
Mogadore Local
5%
National Trail Local
5%
Nelsonville-York City
5%
New Albany-Plain Local
5%
New Bremen Local
5%
New Knoxville Local
5%
New Lexington City
5%
Newton Local
5%
Niles City
5%
North Canton City
5%
Northeastern Local
5%
Northwestern Local
5%
Norton City
5%
Oakwood City
5%
Orrville City
5%
Piqua City
5%
Poland Local
5%
Port Clinton City
5%
Ravenna
5%
Revere Local
5%
Riverside Local
5%
Rootstown Local
5%
Salem City
5%
Sebring Local
5%
Shawnee Local
5%
Southeastern Local
5%
Southeast Local
5%
Southwest Licking Local
5%
Stow-Munroe Falls City
5%
Streetsboro City
5%
Struthers City
5%
Switzerland of Ohio Local
5%
Triad Local
5%
Tri-County North Local
5%
Triway Local
5%
Trotwood-Madison City
5%
Tuslaw Local
5%
Union Local
5%
Vandalia-Butler City
5%
Van Wert City
5%
Vinton County Local
5%
Wadsworth City
5%
Wapakoneta City
5%
Washington-Nile Local
5%
Waterloo Local
5%
Waverly City
5%
Wayne Local
5%
West Branch Local
5%
Western Reserve Local
5%
Westlake City
5%
West Liberty-Salem Local
5%
Wheelersburg Local
5%
Wickliffe City
5%
Wilmington City
5%
Windham Exempted Village
5%
Woodridge Local
5%
Worthington Schools
5%
Ada Exempted Village
0%
Adena Local
0%
Alexander Local
0%
Allen East Local
0%
Amherst Exempted Village
0%
Anthony Wayne Local
0%
Antwerp Local
0%
Arcadia Local Schools
0%
Arcanum-Butler Local
0%
Archbold Area Local
0%
Arlington Local Schools
0%
Ashtabula Area City
0%
Ayersville Local
0%
Barnesville Exempted Village
0%
Batavia Local
0%
Bath Local Schools
0%
Bay Village City
0%
Bellaire Local
0%
Bellbrook-Sugarcreek Local
0%
Bellevue City
0%
Belpre City
0%
Benton-Carroll-Salem Local
0%
Bethel Local
0%
Bethel-Tate Local
0%
Bio-Med Science Academy STEM
0%
Black River Local
0%
Blanchester Local
0%
Bloomfield-Mespo Local
0%
Bloom-Vernon Local
0%
Bluffton Exempted Village
0%
Bradford Exempted Village
0%
Brecksville-Broadview Heights City
0%
Bridgeport Exempted Village
0%
Bright Local
0%
Bristol Local
0%
Brookfield Local
0%
Brooklyn City
0%
Brown Local
0%
Bryan City
0%
Buckeye Local (Ashtabula County)
0%
Buckeye Local (Jefferson County)
0%
Buckeye Local (Medina County)
0%
Bucyrus City
0%
Caldwell Exempted Village
0%
Campbell City
0%
Cardington-Lincoln Local
0%
Carey Exempted Village
0%
Carlisle Local
0%
Carrollton Exempted Village
0%
Cedar Cliff Local
0%
Celina City
0%
Centerburg Local
0%
Central Local
0%
Chagrin Falls Exempted Village
0%
Champion Local
0%
Chardon Local
0%
Chesapeake Union Exempted Village
0%
Chippewa Local
0%
Clark-Shawnee Local
0%
Claymont City
0%
Clear Fork Valley Local
0%
Clearview Local
0%
Clermont Northeastern Local
0%
Cleveland Heights-University Heights City
0%
Cleveland Metropolitan
0%
Clinton-Massie Local
0%
Clyde-Green Springs Exempted Village
0%
Coldwater Exempted Village
0%
College Corner Local
0%
Colonel Crawford Local
0%
Columbia Local
0%
Columbiana Exempted Village
0%
Columbus Grove Local
0%
Conneaut Area City
0%
Conotton Valley Union Local
0%
Continental Local
0%
Copley-Fairlawn City
0%
Cory-Rawson Local Schools
0%
Coventry Local
0%
Crestline Exempted Village
0%
Crestview Local
0%
Crestview Local Schools
0%
Crooksville Exempted Village
0%
Danbury Local
0%
Danville Local
0%
Dawson-Bryant Local
0%
Dayton Regional STEM
0%
Deer Park Community City
0%
Delphos City
0%
East Clinton Local
0%
Eastern Local
0%
Eastern Local (Meigs County)
0%
Eastern Local (Pike County)
0%
East Guernsey Local
0%
East Holmes Local
0%
East Knox Local
0%
East Muskingum Local
0%
East Palestine City
0%
Eastwood Local
0%
Eaton Community Schools
0%
Edgerton Local
0%
Edgewood City
0%
Edison Local (Erie County)
0%
Edison Local (Jefferson County)
0%
Edon Northwest Local
0%
Elgin Local
0%
Elida Local
0%
Elmwood Local
0%
Evergreen Local
0%
Fairfield Local
0%
Fairfield Union Local
0%
Fairland Local
0%
Fairlawn Local
0%
Fairport Harbor Exempted Village
0%
Fayette Local
0%
Fayetteville-Perry Local
0%
Federal Hocking Local
0%
Felicity-Franklin Local
0%
Finneytown Local
0%
Firelands Local
0%
Fort Frye Local
0%
Franklin Local
0%
Franklin Monroe Local
0%
Fredericktown Local
0%
Frontier Local
0%
Gahanna-Jefferson City
0%
Galion City
0%
Gallia County Local
0%
Gallipolis City
0%
Garaway Local
0%
Garfield Heights City
0%
Geneva Area City
0%
Genoa Area Local
0%
Georgetown Exempted Village
0%
Gibsonburg Exempted Village
0%
Girard City
0%
Global Impact STEM Academy
0%
Goshen Local
0%
Grand Valley Local
0%
Granville Exempted Village
0%
Greeneview Local
0%
Greenfield Exempted Village
0%
Greenon Local
0%
Hamilton City
0%
Hardin-Houston Local
0%
Hardin Northern Local
0%
Harrison Hills City
0%
Hicksville Exempted Village
0%
Highland Local
0%
Hillsboro City
0%
Hillsdale Local
0%
Holgate Local
0%
Hopewell-Loudon Local
0%
Howland Local
0%
Hubbard Exempted Village
0%
Huber Heights City
0%
Huntington Local
0%
Huron City
0%
Independence Local
0%
Indian Creek Local
0%
Indian Hill Exempted Village
0%
Indian Valley Local
0%
iSTEM Geauga Early College High
0%
Jackson Center Local
0%
Jackson-Milton Local
0%
Jefferson Area Local
0%
Jefferson Local
0%
Jefferson Township Local
0%
Jennings Local
0%
Jonathan Alder Local
0%
Joseph Badger Local
0%
Kalida Local
0%
Kelleys Island Local
0%
Keystone Local
0%
Kirtland Local
0%
LaBrae Local
0%
Lakeview Local
0%
Lakewood Local
0%
Lakota Local Schools
0%
Leipsic Local
0%
Liberty-Benton Local
0%
Liberty Center Local
0%
Liberty Local
0%
Liberty Union-Thurston Local
0%
Lincolnview Local
0%
Lisbon Exempted Village
0%
Little Miami Local
0%
Lockland Local
0%
Logan Elm Local
0%
Logan-Hocking Local
0%
Lordstown Local
0%
Loudonville-Perrysville Exempted Village
0%
Lowellville Local
0%
Lucas Local
0%
Lynchburg-Clay Local
0%
Madeira City
0%
Madison Local (Butler County)
0%
Madison Local (Lake County)
0%
Madison Local (Richland County)
0%
Madison-Plains Local
0%
Mad River Local
0%
Maple Heights City
0%
Mapleton Local
0%
Maplewood Local
0%
Margaretta Local
0%
Mariemont City
0%
Martins Ferry City
0%
Mathews Local
0%
Maumee City
0%
Mayfield City
0%
Maysville Local
0%
McComb Local
0%
McDonald Local
0%
Mechanicsburg Exempted Village
0%
Mentor Exempted Village
0%
Metro Early College High
0%
Miamisburg City
0%
Miami Trace Local
0%
Midview Local
0%
Milford Exempted Village
0%
Millcreek-West Unity Local
0%
Miller City-New Cleveland Local
0%
Milton-Union Exempted Village
0%
Minford Local
0%
Mississinawa Valley Local
0%
Mohawk Local
0%
Monroe Local
0%
Monroeville Local
0%
Montpelier Exempted Village
0%
Morgan Local
0%
Mount Gilead Exempted Village
0%
Mount Healthy City
0%
Napoleon Area City
0%
New Boston Local
0%
Newbury Local
0%
Newcomerstown Exempted Village
0%
New Lebanon Local
0%
New London Local
0%
New Miami Local
0%
New Richmond Exempted Village
0%
New Riegel Local
0%
Newton Falls Exempted Village
0%
Noble Local
0%
Nordonia Hills City
0%
North Baltimore Local
0%
North Central Local
0%
North College Hill City
0%
Northern Local
0%
North Fork Local
0%
Northmont City
0%
Northmor Local
0%
North Olmsted City
0%
Northridge Local
0%
North Ridgeville City
0%
North Royalton City
0%
North Union Local
0%
Northwest Local (Hamilton County)
0%
Northwest Local (Scioto County)
0%
Northwest Local (Stark County)
0%
Northwood Local
0%
Norwayne Local
0%
Norwood City
0%
Oak Hills Local
0%
Oak Hill Union Local
0%
Oberlin City
0%
Old Fort Local
0%
Olmsted Falls City
0%
Ontario Local
0%
Oregon City
0%
Osnaburg Local
0%
Otsego Local
0%
Ottawa-Glandorf Local
0%
Ottawa Hills Local
0%
Ottoville Local
0%
Painesville City Local
0%
Paint Valley Local
0%
Pandora-Gilboa Local
0%
Parkway Local
0%
Patrick Henry Local
0%
Paulding Exempted Village
0%
Perkins Local
0%
Perry Local (Allen County)
0%
Perry Local (Lake County)
0%
Perry Local (Stark County)
0%
Perrysburg Exempted Village
0%
Pettisville Local
0%
Pike-Delta-York Local
0%
Pleasant Local
0%
Plymouth-Shiloh Local
0%
Preble Shawnee Local
0%
Princeton City
0%
Put-in-Bay Local
0%
Pymatuning Valley Local
0%
Reading Community City
0%
Richmond Heights Local
0%
Ridgedale Local
0%
Ridgemont Local
0%
Ridgewood Local
0%
Ripley Union Lewis Huntington Local
0%
Rittman Exempted Village
0%
Riverdale Local
0%
River Valley Local
0%
River View Local
0%
Rock Hill Local
0%
Rocky River City
0%
Rolling Hills Local
0%
Rossford Exempted Village
0%
Ross Local
0%
Russia Local
0%
Sandy Valley Local
0%
Scioto Valley Local
0%
Seneca East Local
0%
Shadyside Local
0%
Sheffield-Sheffield Lake City
0%
Shelby City
0%
South Central Local
0%
Southern Local (Columbiana County)
0%
Southern Local (Meigs County)
0%
Southern Local (Perry County)
0%
South Euclid-Lyndhurst City
0%
Southington Local
0%
South Point Local
0%
South Range Local
0%
Southwest Local
0%
Spencerville Local
0%
Springfield Local (Lucas County)
0%
Springfield Local (Mahoning County)
0%
Springfield Local (Summit County)
0%
St. Bernard-Elmwood Place City
0%
St. Clairsville-Richland City
0%
St. Henry Consolidated Local
0%
St. Marys City
0%
Strasburg-Franklin Local
0%
Stryker Local
0%
Swanton Local
0%
Sycamore Community
0%
Sylvania City
0%
Symmes Valley Local
0%
Talawanda City
0%
Teays Valley Local
0%
Tecumseh Local
0%
Three Rivers Local
0%
Tiffin City
0%
Tipp City Exempted Village
0%
Toronto City
0%
Trimble Local
0%
Tri-State STEM+M Early College High
0%
Tri-Valley Local
0%
Tri-Village Local
0%
Tuscarawas Valley Local
0%
Twin Valley Community Local
0%
Union-Scioto Local
0%
United Local
0%
Upper Sandusky Exempted Village
0%
Upper Scioto Valley Local
0%
Valley Local
0%
Valley STEM+ME2 Academy
0%
Valley View Local
0%
Van Buren Local
0%
Vanlue Local
0%
Vermilion Local
0%
Versailles Exempted Village
0%
Walnut Township Local
0%
Warren Local
0%
Warrensville Heights City
0%
Washington Local
0%
Wauseon Exempted Village
0%
Waynesfield-Goshen Local
0%
Wayne Trace Local
0%
Weathersfield Local
0%
Wellington Exempted Village
0%
Wellston City
0%
Wellsville Local
0%
West Carrollton City
0%
West Clermont Local
0%
Western Brown Local
0%
Western Local
0%
Westfall Local
0%
West Geauga Local
0%
West Holmes Local
0%
West Muskingum Local
0%
Willard City
0%
Williamsburg Local
0%
Willoughby-Eastlake City
0%
Winton Woods City
0%
Wolf Creek Local
0%
Woodmore Local
0%
Wynford Local
0%
Wyoming City
0%
Xenia Community City
0%
Yellow Springs Exempted Village
0%
Zane Trace Local
0%
No matching quizzes found
Score Distribution
Percent of People with Each Score
Percentile by Number Answered
Your Score History
You have not taken this quiz